Strojírenské materiály

Guardado en:
Detalles Bibliográficos
Autor principal: Pluhař, Jaroslav
Otros Autores: Koritta, Josef
Formato: Libro
Lenguaje:checo
Publicado: Praha Státní nakladatelství technické literatury 1982
Edición:3. nezměn. vyd.
Etiquetas: Agregar Etiqueta
Sin Etiquetas, Sea el primero en etiquetar este registro!

MARC

LEADER 00000nam a2200000 4500
001 c131339
005 20221207070831.4
041 0 |a cze 
044 |a CZ 
245 1 0 |a Strojírenské materiály  |c Jaroslav Pluhař, Josef Koritta a kol. 
250 |a 3. nezměn. vyd. 
264 1 |a Praha  |b Státní nakladatelství technické literatury  |c 1982 
300 |a 562 s.  |e príl. 
100 1 |a Pluhař, Jaroslav 
700 1 |a Koritta, Josef